MDQL
is popping MORE tags! Check the
thread
!
Quizzes
Events
Quiz Creation
Community
Videos
Private Events
Remove Ads
Sign In
Join for FREE
Feedback
Dark Mode
Quiz Categories
Sports
Geography
Music
Movies
Television
Just For Fun
Miscellaneous
History
Literature
Language
Science
Gaming
Entertainment
Religion
Holiday
For Kids
Quiz Lab
Recent
Popular Today
Quiz Kudos Today
Editor Picks
Curator Picks
Quizzes by...
Day
Popularity
Type
Ratings
Length
Year
Community
Subscriptions
Recent Discussions
Orange Saloon
Badges
Playlists
Quests
Create
Leaderboards
Showdown
Live 5
Trivia Bingo
Activity
Puzzle Library
Sporcle Events
Private Events
Virtual Trivia
Globe League
Become a Host
Pub Owners
SporcleCon
Opinionation
Our Games
Videos
Blog
Mobile Apps
Partnerships
Remove Ads and Go Orange
Feedback
Sports
Athletes
MLB
NBA
NHL
NFL
Soccer
Sports Teams
WWE
NCAA
Football
Premier League
Basketball
Baseball
Hockey
Golf
Tennis
Cricket
Rugby
Auto Racing
Olympics
World Cup
Sports
Athletes
MLB
NBA
NHL
NFL
Soccer
Sports Teams
WWE
NCAA
Football
Premier League
Basketball
Baseball
Hockey
Golf
Tennis
Cricket
Rugby
Auto Racing
Olympics
World Cup
Random Quiz
Search Sporcle
×
Quiz Lab
Quiz Lab
Sports
Winner
Type in answers that appear in a list
Type in answers that appear in a list
Classic
Best Score? Go Orange.
NIT Winners Stats
Can you name the NIT Winners?
By
jpcsays
8m
72 Questions
155 Plays
155 Plays
155 Plays
Comments
Comments
Give Quiz Kudos
Give Quiz Kudos
-
- Ratings
hide this ad
Replay
Link that replays current quiz
Next Quiz
Link to next quiz in quiz playlist
You Got
0%
They Got
Avg Score
49%
Avg Friend Score
Upgrade to see
Score Distribution
Jump to the score distribution portion of the page
Score
0/72
Timer
08:00
0
Plays Today
National Invitational Tournament winners
% Correct
2004
Michigan
80%
1997
Michigan
80%
1984
Michigan
80%
1971
North Carolina
79.4%
1978
Texas
72.9%
1976
Kentucky
72.3%
1946
Kentucky
72.3%
1985
UCLA
71.6%
1979
Indiana
70.3%
2008
Ohio State
69.7%
1986
Ohio State
69.7%
2009
Penn State
69%
2006
South Carolina
67.7%
2005
South Carolina
67.7%
1972
Maryland
64.5%
1992
Virginia
63.2%
1980
Virginia
63.2%
1998
Minnesota
62.6%
1993
Minnesota
62.6%
1991
Stanford
62.6%
2003
St. John's
61.9%
1989
St. John's
61.9%
1965
St. John's
61.9%
1959
St. John's
61.9%
1944
St. John's
61.9%
1943
St. John's
61.9%
1988
Connecticut
61.3%
1942
West Virginia
61.3%
1999
Cal
60.6%
1995
Virginia Tech
58.1%
1973
Virginia Tech
58.1%
1947
Utah
58.1%
1974
Purdue
56.8%
2002
Memphis
55.5%
2000
Wake Forest
55.5%
1956
Louisville
55.5%
National Invitational Tournament winners
% Correct
1970
Marquette
54.2%
1969
Temple
53.5%
1938
Temple
53.5%
1994
Villanova
52.3%
1996
Nebraska
50.3%
1940
Colorado
50.3%
1990
Vanderbilt
47.1%
1958
Xavier
47.1%
1966
BYU
45.2%
1951
BYU
45.2%
1945
DePaul
45.2%
1975
Princeton
44.5%
1963
Providence
37.4%
1961
Providence
37.4%
1953
Seton Hall
37.4%
1968
Dayton
36.1%
1962
Dayton
36.1%
1967
Southern Illinois
35.5%
1983
Fresno State
34.8%
1949
San Francisco
31%
1950
CCNY
30.3%
1952
La Salle
29%
2007
West Virginia
28.4%
2001
Tulsa
27.1%
1981
Tulsa
27.1%
1948
St. Louis
27.1%
1987
Southern Miss
24.5%
1982
Bradley
22.6%
1964
Bradley
22.6%
1960
Bradley
22.6%
1957
Bradley
22.6%
1954
Holy Cross
20.6%
1977
St. Bonaventure
19.4%
1941
LIU
14.2%
1939
LIU
14.2%
1955
Duquesne
11%
Quiz Playlist
Details
Report
Send in Message
Add To Playlist
Classic:
Type in answers that appear in a list
Last Updated: Feb 16, 2017
Quiz Scoreboard
CHALLENGE
Sign Up to Join the Scoreboard
Show All
Scores
Hide
Comments
May contain spoilers
Recently Published
Image Sorting: Flags VI
by Barbecue
Geography
2m
Find the 'City' Movie
by crazypaving
Movies
60s
Colored Red Africa Blitz
by spor1
Geography
45s
More to Explore
Quiz From the Vault
Featured Blog Post
14 Easter Pick-up Lines to Find Eggs With
hide this ad
You Might Also Like...
Tags
Invitational
national
nit
NIT Winners
Tournament
Winner
Today's Top Quizzes in Sports
Browse Sports
hide this ad
Today's Top Quizzes in Winner
Browse Winner
Top Contributed Quizzes in Sports
1
Les meilleurs buteurs des matchs entre le PSG et l’OM
2
Les entraîneurs de l'OM et du PSG au 21e siècle
3
Les joueurs passés par le PSG et l'OM
4
2022 World Cup Stars
5
Players with Multiple 50 Home Run Seasons
6
Criteria MLB: Left Handed Sluggers
7
Les joueurs passés par le LOSC et le RC Lens
8
NBA Logic Puzzle 2.0
9
MLB Players with Two .350 Batting Average Seasons
10
FIFA Club World Cup Champions
Explore More
Trending Topics
Anime
Disney
NBA
Kpop
Harry Potter
Crossword
Marvel
WWE
The Office
Puzzle
Song
Pokémon
Soccer
NFL
Country
hide this ad
More By:
jpcsays
Quiz
Plays
Rating
Category
Featured
Created
NIT Winners
155
3.00
Sports
Dec 15, 2009
Go to Creator's Profile
Score Distribution
Quiz Creator Spotlight
jpcsays
Follow
Send a Message
Quizzes Created
-
Created Quiz Play Count
-
More By This Creator
Popular Quizzes Today
1
Colored Red Africa Blitz
2
Find the US States - No Outlines Minefield
3
Find the 'City' Movie
4
5x2 Blitz: Bands
5
The Countries of the World
6
Find the US States
7
Find the Countries of Europe - No Outlines Minefield
8
US States
More Sports Quizzes
Quick Pick: Adam Dunn Teams by Logo
Quiz Lab
Trending Quizzes
Colored Red Europe Blitz I
Colored Red Europe Blitz II
Colored Red Africa Blitz II
Colored Red Europe Blitz III
Colored Red Africa Blitz III
Recently Updated
How Do You Spell That?
pecheneg
Godzilla Movies
pecheneg
Grab Bag: 4-10 Letters
pecheneg
2024 March Madness Bracket
pecheneg
Famous TV Couples
Peacemaker
Champions League XIs: Real Madrid
pecheneg
Largest US Cities 1790-2010
pecheneg
Rides in Walt Disney World
pecheneg
Most Oscar Losses (Acting)
pecheneg
Beyoncé Albums
pecheneg
Trending Topics
Harry Potter
Marvel
Disney
Kpop
Crossword
Anime
NBA
Puzzle
Pokémon
Soccer
Song
Country
NFL
The Office
WWE
Your Account Isn't Verified!
In order to create a playlist on Sporcle, you need to verify the email address you used during registration. Go to your
Sporcle Settings
to finish the process.
Report this User
Report this user for behavior that violates our
Community Guidelines
.
Details:
Send Report
Go to the Sporcle.com Mobile Site →
Comments